000 00374nam a2200145Ia 4500
005 20250318055030.0
008 240331s9999 xx 000 0 und d
082 _bKOT
_a894
100 _aKothandaraman, P
245 0 _aUlaga navl iIllakkiyam
260 _aChennai
_bnewcentuary book house (Pvt) Ltd
_c1990
300 _a71 p .,
500 _aNavalum Ilakkiyamum
942 _cL
999 _c4194
_d4194